000 00380cam a2200145ua 4500
003 OSt
008 221117b |||||||| |||| 00| 0 eng d
041 _aeng
082 _a361.3
_bWAD/HI
100 _aA.R. Wadia, Wadia .
_95306
245 _aHistory and philosophy of social work in India
260 _aBombay :
_bAllies pub Pvt LTD ,
_c1961.
300 _a522 ; .
942 _cBK
999 _c11230
_d11230